|
|
|
|
| LEADER |
01120nam a2200313 a 4500 |
| 001 |
GR-Patra10470 |
| 008 |
991022s gr b 000 b eng d |
| 020 |
|
|
|a 0071144676
|
| 040 |
|
|
|a GrPaTEI
|b gre
|c GR-PaULI
|
| 245 |
0 |
0 |
|a Sales force management.
|
| 250 |
|
|
|a 5th ed.
|
| 260 |
|
|
|a Chicago :
|b Irwin,
|c c1997
|
| 300 |
|
|
|a xxiii, 813σ.
|
| 490 |
1 |
|
|a Irwin series in marketing
|
| 504 |
|
|
|a Περιλαμβάνει βιβλιογραφικές παραπομπές
|
| 650 |
|
4 |
|a ΔΙΟΙΚΗΣΗ ΚΑΙ ΟΡΓΑΝΩΣΗ
|
| 650 |
|
4 |
|a ΕΚΠΑΙΔΕΥΣΗ
|
| 650 |
|
4 |
|a Μαρκετινγκ
|
| 650 |
|
4 |
|a ΠΩΛΗΣΕΙΣ
|
| 650 |
|
4 |
|a Πωλήσεις
|
| 700 |
1 |
|
|a Churchill, Gilbert A.
|
| 700 |
1 |
|
|a Ford, Neil M.
|
| 700 |
1 |
|
|a Walker, Orville C.
|
| 710 |
0 |
|
|a Irwin
|
| 830 |
|
0 |
|1 00112228
|1 2001
|a Irwin series in marketing
|
| 942 |
|
|
|2 ddc
|
| 952 |
|
|
|0 0
|1 0
|2 ddc
|4 0
|6 658_810100000000000_CHU
|7 0
|9 291022
|a LISK
|b LISK
|c BSC
|d 2021-01-17
|e 24
|f 0
|g 0.00
|l 0
|o 658.8101 CHU
|p 92410013341
|r 2021-01-17 00:00:00
|t 1
|w 2021-01-17
|y BK15
|x 19991024 0 1
|x GrPaTEI
|
| 971 |
|
|
|a .b26579856
|b 15-04-20
|c 23-09-16
|
| 999 |
|
|
|c 169958
|d 169958
|